01099cam a22002771 4500001001300000003000400013005001700017008004100034010001700075035001900092040005300111042001200164050001800176100002800194245013500222260002900357300006100386410004800447500013100495504002500626650004300651650005000694650002400744700002400768710002900792gs 66000203 DLC20260227111419.0780619s1965 aluab b 000 0 eng c ags 66000203  a(OCoLC)3986004 aU.S. Geol. Survey. Libr.cMiDWdOCoLCdABAUdDLC apremarc00aGB1225.A2bH31 aHarkins, Joe R.,d1926-10aSurface water resources of Calhoun County, Alabama,cby J. R. Harkins. With a section on quality of water, by Rodney G. Grantham. aUniversity, Ala.,c1965. a75 p.billus., maps (1 fold. (in pocket) 1 col.)c23 cm.20aGeological Survey of Alabama.tCircularv33 aPrepared by U.S. Geological Survey in cooperation with Calhoun County Board of Commissioners and Geological Survey of Alabama. aBibliography: p. 55. 0aWater-supplyzAlabamazCalhoun County. 0aStream measurementszAlabamazCalhoun County. 0aWaterxComposition.1 aGrantham, Rodney G.2 aGeological Survey (U.S.)